Malawi Law Journal

Bibliographic Details
Format: eBook
Language:English
Published: Pretoria: Sabinet African Journals, 2007 -
Subjects:
Online Access:Acceso restringido

MARC

LEADER 00000nam a22000007a 4500
005 20211125201036.0
007 cr|||| ||||
008 211125c20079999za ar|w s|||| 0|||b1eng d
022 |a 1996-7675 
035 |a 33744 
040 |a vLex 
090 |c 12685  |d 12685 
245 0 0 |a Malawi Law Journal  |h [Recurso electrn̤ico] / 
256 |a Servicio en ln̕ea 
260 |a Pretoria:  |b Sabinet African Journals,  |c 2007 - 
300 |a 1 recurso electrn̤ico 
310 |a Anual 
362 |a Nð 1-1 (Ene. 2007) - 
500 |a The MLJ is a peer reviewed academic journal that publishes cutting edge, original and previously unpublished work. It accepts articles that explore the interface, tension and congruence between law, human rights, democracy, and development in Malawi and other African countries. Articles of a comparative nature, which are locally relevant, and those dealing with current legal issues of regional importance are also considered. 
506 1 |a Disponible solo en los productos indicados  |d vLex Global  |d vLex Global (Academic Edition, excluding Law Schools)  |d vLex Global (U.S. Academic Edition, Law Schools)  |d vLex Global (U.S. Academic Edition, excluding Law Schools)  |d vLex Global (Academic Edition, Law Schools) 
650 0 4 |a Derecho Civil  |z Sudf̀rica 
740 0 |a vLex Revistas (Servicio en ln̕ea) 
856 4 0 |u https://app.vlex.com/#/sources/33744  |z Acceso restringido 
942 |c REV 
999 0 |a Civil Law